000
00285nam a22001217a 4500
008
230629b xxu||||| |||| 00| 0 eng d
082
_a
333.736
_b
ODU
100
_c
C.H.K Muchoki
245
_a
Land-use in Kwale District
260
_a
Kenya
_b
GOK
_c
1990
300
_a
34[
942
_2
ddc
_c
BK
999
_c
2958
_d
2958